A General Book for Nursing : (Record no. 1646)
[ view plain ]
| 000 -LEADER | |
|---|---|
| Fixed length control field | 00594nam a2200193Ia 4500 |
| 003 - CONTROL NUMBER IDENTIFIER | |
| Control field | IIN |
| 005 - DATE AND TIME OF LATEST TRANSACTION | |
| Control field | 20251211135634.0 |
| 008 - FIXED-LENGTH DATA ELEMENTS--GENERAL INFORMATION | |
| Fixed length control field | 231217s9999 xx 000 0 und d |
| 020 ## - INTERNATIONAL STANDARD BOOK NUMBER / ISBN | |
| Price | Rs.75.00 |
| International Standard Book Number | 9789354516948 |
| 040 ## - CATALOGING SOURCE | |
| Original cataloging agency | IIN |
| Language of cataloging | Eng |
| 082 ## - DEWEY DECIMAL CLASSIFICATION NUMBER | |
| Classification number | 610.73 |
| Book Number | LOU |
| 100 1# - MAIN ENTRY--PERSONAL NAME | |
| Personal name | Lourduswamy, Leena |
| 245 #2 - TITLE STATEMENT | |
| Title | A General Book for Nursing : |
| Sub title | a short term course on communication skills for nursing faculty and students |
| Statement of responsibility | Leena Lourduswamy |
| 260 ## - IMPRINT | |
| Name of publisher | Nirali Prakashan |
| Place of publication | Pune |
| Date of publication | 2023 |
| 300 ## - PHYSICAL DESCRIPTION | |
| Page / Vol. No | 56p. |
| 650 1# - SUBJECT ADDED ENTRY--TOPICAL TERM | |
| Topical term | Communicative English |
| 650 1# - SUBJECT ADDED ENTRY--TOPICAL TERM | |
| Topical term | Communication skill |
| Form subdivision | nursing |
| 942 ## - ADDED ENTRY ELEMENTS (KOHA) | |
| Koha item type | Books |
| Withdrawn status | Lost status | Source of classification | Damaged status | Not for loan | Collection code | Home library | Current library | Date acquired | Price | Total Checkouts | Call number | Accession number | Date last seen | Price effective from | Koha item type | Shelving location |
|---|---|---|---|---|---|---|---|---|---|---|---|---|---|---|---|---|
| Dewey Decimal Classification | IDEAL INSTITUTE OF NURSING | IDEAL INSTITUTE OF NURSING | 17/12/2023 | 75.00 | 610.73 LOU | D20 | 17/12/2023 | 17/12/2023 | Books | |||||||
| Dewey Decimal Classification | Purches Book | IDEAL INSTITUTE OF NURSING | IDEAL INSTITUTE OF NURSING | 11/03/2025 | 610.73 LOU | 1919 | 28/04/2025 | 28/04/2025 | Books | General Stacks |
